00605nam a2200145Ia 4500008004100000050002400041100002800065245009200093260008600185300002800271521002700299942000700326999001900333952010700352140724s9999 xx 000 0 und d aT 58.4b.Su944 2010 aSuelila, Rolf Lemuel B. aAutomated timekeeping and payroll system of Rentokil Initial /cRolf Lemuel B. Suelila. aLas Piñas, Philippines :bSouthville International School and Colleges,cc2010. a37 p. :bill. ;c28 cm. aInformation Technology cTH c229100d229100 001040aCLbCLcTHESESd2014-07-24l0oT 58.4 .Su944 2010pT0454r2017-03-23 00:00:00w2014-07-24yTH